| 000 | 00350nam a22001457a 4500 | ||
|---|---|---|---|
| 020 | _a9788178080161 | ||
| 040 | _cNust | ||
| 082 |
_a621.395 _bBHA |
||
| 100 |
_aJ. Bhasker _9124371 |
||
| 245 | _aA VHDL Primer | ||
| 250 | _a3rd Edition | ||
| 260 |
_aNew Delhi: _bPearson Education Inc, _c2004. |
||
| 650 |
_aA VHDL Primer _9124372 |
||
| 942 |
_2ddc _cBK |
||
| 999 |
_c610253 _d610253 |
||